| 000 | 00423nam a2200169 a 4500 | ||
|---|---|---|---|
| 001 | 0000-8623 | ||
| 003 | ELIB.Books | ||
| 008 | 110520 1989 | ||
| 035 | _a(ELIB.Books)0000-8769 | ||
| 082 |
_a251 _bLon |
||
| 100 | _aLong, Thomas G. | ||
| 245 | _aThe Witness of Preaching | ||
| 260 |
_bLouisville: Westminster Press _c1989 |
||
| 650 | _aPreaching | ||
| 942 |
_2ddc _cBK |
||
| 998 |
_cbat _e2011-05-20 |
||
| 999 |
_c8623 _d8623 |
||